000 02079cam a2200409 i 4500
001 21764277
005 20241114132454.0
008 201016s2022 paua b 001 0 eng
906 _a7
_bcbc
_corignew
_d1
_eecip
_f20
_gy-gencatlg
925 0 _aacquire
_b1 shelf copy
_xpolicy default
955 _dxm08 2020-10-22
_wxm08 2020-10-22 TW situational
_erl02 2023-07-28
_frl02 2023-07-28 (Telework) to PresSrvs
010 _a 2020047106
020 _a9781975141981
_q(paperback)
040 _aDNLM/DLC
_beng
_erda
_cDLC
_dDLC
042 _apcc
050 0 0 _aQP303
_b.N57 2022
060 0 0 _aWE 103
082 0 0 _a612.7
_223
245 0 0 _aBasic biomechanics of the musculoskeletal system /
_c[edited by] Margareta Nordin and Victor H. Frankel ; guest editors, Patrick A. Meere, Rajani Prashant Mullerpatan, Hans-Joachim Wilke ; editor & project manager, Dawn Leger.
250 _aFifth edition.
264 1 _aPhiladelphia, PA :
_bWolters Kluwer,
_c[2022]
300 _axii, 499 pages :
_billustrations (some color) ;
_c28 cm
336 _atext
_btxt
_2rdacontent
337 _aunmediated
_bn
_2rdamedia
338 _avolume
_bnc
_2rdacarrier
504 _aIncludes bibliographical references and index.
520 _a"It is with great pleasure that we present the Fifth Edition of Basic Biomechanics of the Musculoskeletal System (BBMS). BBMS is now translated to eight languages, from English to Cantonese, Dutch, Greek, Japanese, Korean, Portuguese, Spanish, and Taiwanese"--
_cProvided by publisher.
650 1 2 _aBiomechanical Phenomena
_964178
650 2 2 _aMusculoskeletal Physiological Phenomena
_919987
700 1 _aNordin, Margareta,
_eeditor.
_919988
700 1 _aFrankel, Victor H.
_q(Victor Hirsch),
_d1925-,
_eeditor.
_919989
700 1 _aMeere, Patrick A.,
_cMD,
_eeditor.
_9118810
700 1 _aMullerpatan, Rajani Prashant,
_eeditor.
_9118811
700 1 _aWilke, Hans-Joachim
_c(Professor for biomechanics),
_eeditor.
_9118812
700 1 _aLeger, Dawn,
_eeditor.
_9118813
985 _aDNLMCIP
_d2020-10-16
999 _c86391
_d323668